Friedrich Hebbel: 1813-1863

Saved in:
Bibliographic Details
Corporate Author: Instituto de Literatura Alemana (Author)
Format: Book
Language:Spanish
Published: La Plata Universidad Nacional de La Plata 1963
Edition:1a. ed
Series:Departamento de Letras, 2
Subjects:
Tags: Add Tag
No Tags, Be the first to tag this record!

MARC

LEADER 00000cam a2200000 a 4500
001 UCD4545
003 CL-VaPUC
008 160713e19630000ag |||||||||||||||||spa|d
082 0 4 |a 832.09  |b INS  |2 21 
110 2 |a Instituto de Literatura Alemana  |e author  |9 588271 
245 1 0 |a Friedrich Hebbel: 1813-1863 
250 |a 1a. ed 
300 |a 268 p 
942 |c BK 
945 |d 20160713 20:53:00  |a dcastane 
260 |a La Plata  |b Universidad Nacional de La Plata  |c 1963 
600 0 7 |a HEBBEL, FRIEDRICH  |2 CL-VaPUC  |9 352794 
650 0 |a Biografías  |9 255210 
650 0 |a Teatro alemán  |9 265742 
650 7 |a DRAMATURGOS ALEMANES  |2 CL-VaPUC  |9 408779 
583 |a last modification  |c 20160713 20:53:00  |k Rodrigo Vera 
490 0 |a Departamento de Letras, 2 
999 |c 365437  |d 365435 
952 |0 0  |1 0  |3 erb  |4 0  |6 832_090000000000000_INS_1963  |7 0  |8 A  |9 479300  |a FDOHBE  |b FDOHBE  |e Huesbe Llanos, Marco Antonio, 1934-  |i 5308879  |o 832.09 INS 1963  |p 5308879  |r 2024-01-30  |w 2019-11-24  |y BK  |z Catalogado en:20160713  |k HBE